Culture and conflict management in foreign invested enterprises in China <an> intercultural communication perspective
Enregistré dans:
| Auteur principal: | |
|---|---|
| Format: | Livre |
| Langue: | anglais |
| Publié: |
Bern
Peter Lang
2003
|
| Collection: | European University Studies
369 |
| Sujets: | |
| Tags: |
Pas de tags, Soyez le premier à ajouter un tag!
|
MARC
| LEADER | 00000nam$a2200000$$$4500 | ||
|---|---|---|---|
| 001 | 0030483 | ||
| 005 | 20240422080816.3 | ||
| 020 | |a 3-906768-66-X | ||
| 022 | |a 0721-3379 | ||
| 041 | 0 | |a eng | |
| 044 | |a CH | ||
| 245 | 1 | 0 | |a Culture and conflict management in foreign invested enterprises in China |b <an> intercultural communication perspective |c Shiyong Peng |
| 264 | 1 | |a Bern |b Peter Lang |c 2003 | |
| 300 | |a 226 s. | ||
| 490 | 1 | |a European University Studies |v 369 | |
| 830 | 0 | |a European University Studies |v 369 | |
| 610 | 2 | 0 | |a Čína |
| 610 | 2 | 0 | |a podnik |
| 610 | 2 | 0 | |a podnik zahraničný |
| 610 | 2 | 0 | |a komunikácia multikultúrna |
| 610 | 2 | 0 | |a kultúra podniková |
| 610 | 2 | 0 | |a zvyklosti kultúrne |
| 610 | 2 | 0 | |a manažment |
| 100 | 1 | |a Peng, Shiyong | |